| 000 | 00337cam a2200133ua 4500 | ||
|---|---|---|---|
| 003 | OSt | ||
| 008 | 221207b |||||||| |||| 00| 0 eng d | ||
| 041 | _aeng | ||
| 082 |
_a624.15136 _bDEP/SO |
||
| 245 | _aSoil mechanics : Design manual | ||
| 260 |
_a : _bNaval facilities engineering command , _c1982. |
||
| 300 | _a297 ; . | ||
| 942 | _cBK | ||
| 999 |
_c10340 _d10340 |
||